|
|
|
|
| LEADER |
00000nas a2200000 a 4500 |
| 001 |
ssj0012620 |
| 003 |
WaSeSS |
| 005 |
20200512172242.0 |
| 006 |
m d |
| 007 |
cr n |
| 008 |
001121c19759999enkmx p s o 0 a0eng c |
| 010 |
|
|
|a 2002238782
|
| 022 |
|
|
|y 0368-492X
|
| 035 |
|
|
|a (WaSeSS)ssj0012620
|
| 037 |
|
|
|b MCB University Press Limited, 60/62 Toller Lane, Bradford, England BD8 9BY
|
| 040 |
|
|
|a TJC
|b eng
|c TJC
|d OCLCQ
|d IUL
|d OCLCQ
|d F#A
|d OCLCS
|d TXA
|d OCLCQ
|d OCLCF
|d OCLCO
|d OCLCQ
|e pn
|d DLC
|d NTG
|d WaSeSS
|
| 042 |
|
|
|a pcc
|
| 050 |
0 |
0 |
|a Q300
|
| 050 |
|
4 |
|a Q300
|b .K98
|
| 082 |
0 |
4 |
|a 003.53
|
| 130 |
0 |
|
|a Kybernetes (Online)
|
| 245 |
1 |
0 |
|a Kybernetes
|h [electronic resource] :
|b the international journal of systems & cybernetics.
|
| 246 |
3 |
0 |
|a International journal of systems & cybernetics
|
| 260 |
|
|
|a [Bradford, England] :
|b MCB University Press
|
| 310 |
|
|
|a Ten no. a year,
|b 2000-
|
| 321 |
|
|
|a Frequency varies,
|b 1975-1999
|
| 362 |
1 |
|
|a Print began with vol. 4, no. 1 (Apr. 1975)?
|
| 500 |
|
|
|a The official journal of the UNESCO recognized, World Organisation of Systems and Cybernetics (WOSC)--and The Cybernetics Society.
|
| 506 |
|
|
|a License restrictions may limit access.
|
| 515 |
|
|
|a Some numbers issued in combined form.
|
| 538 |
|
|
|a Mode of access: World Wide Web.
|
| 588 |
|
|
|a Description based on: Vol. 23, no. 1 (1994); title from copyrights statement (Emerald, viewed July 25, 2012).
|
| 588 |
|
|
|a Latest issue consulted: Vol. 46, no. 4 (2017) (Emerald, viewed Feb. 24, 2017).
|
| 650 |
|
0 |
|a Cybernetics
|v Periodicals.
|
| 650 |
|
0 |
|a Systems engineering
|v Periodicals.
|
| 650 |
|
7 |
|a Cybernetics.
|2 fast
|0 (OCoLC)fst00885777
|
| 650 |
|
7 |
|a Systems engineering.
|2 fast
|0 (OCoLC)fst01141455
|
| 655 |
|
0 |
|a Electronic journals.
|
| 710 |
2 |
|
|a MCB University Press.
|
| 710 |
2 |
|
|a World Organisation of Systems and Cybernetics.
|
| 710 |
2 |
|
|a Cybernetics Society.
|
| 776 |
0 |
8 |
|i Print version:
|t Kybernetes
|x 0368-492X
|w (DLC) 96658138
|w (OCoLC)35967505
|
| 780 |
0 |
0 |
|t Kyvernētēs
|w (OCoLC)559712348
|
| 850 |
|
|
|a DLC
|
| 853 |
2 |
0 |
|8 1
|a v.
|b no.
|u 10
|v r
|i (year)
|w 10
|
| 856 |
4 |
0 |
|z Full text available from Research Library: 01/01/1995 to 1 year ago
|u https://search.proquest.com/publication/37993
|
| 863 |
4 |
1 |
|8 1.1
|a 29
|b 1
|i 2000
|